FUNDAMENTALS of structural analysis

Saved in:
Bibliographic Details
Format: Book
Language:English
Published: McGraw Hill Education 2018
Tags: Add Tag
No Tags, Be the first to tag this record!

MARC

LEADER 00000nam a22000007a 4500
008 240124b |||||||| |||| 00| 0 eng d
245 |a FUNDAMENTALS of structural analysis  |c /Kenneth M.Leet... (et al)  |g xv,780p;ill 
250 |b 5th 
260 |b McGraw Hill Education  |c 2018  |h New York  |i 701928  |i 701929  |i 701930  |l TA645.F95  |m Structural analysi (Engineering) 
500 |a it included index 
942 |a lcc  |c BK  |e Johnson  |f 24/01/24 
952 |0 0  |1 0  |2 ddc  |4 0  |6 TA_645_000000000000000_F95  |7 0  |9 4803  |a TL  |b HOL  |c QZ  |d 2024-01-24  |l 0  |o TA645.F95  |p 2024-0056  |r 2024-01-24 00:00:00  |t 701928  |w 2024-01-24  |y BK 
952 |0 0  |1 0  |2 lcc  |4 0  |6 TA0645 F95  |7 0  |9 4804  |a HOL  |b HOL  |c QZ  |d 2024-01-24  |l 0  |o TA645.F95  |p 2024-0057  |r 2024-01-24 00:00:00  |t 701929  |w 2024-01-24  |y BK 
952 |0 0  |1 0  |2 lcc  |4 0  |6 TA0645 F95  |7 0  |9 4805  |a HOL  |b HOL  |c QZ  |d 2024-01-24  |l 0  |o TA645.F95  |p 2024-0058  |r 2024-01-24 00:00:00  |t 701930  |w 2024-01-24  |y BK 
999 |c 2401  |d 2401